00890nam a2200277Ia 4500008004100000020001600041050000900057050001500066100002600081245006800107245001900175260002800194260001300222260000900235300001600244300002700260300001100287440002500298500005400323650003800377650004500415650005600460650002500516650002500541700004600566170203s9999 xx 000 0 und d a0 753405113 a0 30 bS814i 1995 aSteele, Philip, 1948- aPyramids were built? and other questions about ancient Egypt /  cPhilip Steele. aDanbury, Connecticut :  bGrolier, c2005 a32 pages :  bcolor illustrations ;  c29 cm. aI wonder why series. aOriginally published: London : Kingfisher, c1995. aChildren's questions and answers. aEgypt -- Civilization -- To 332 B.C. --  aEgypt -- Social life and customs -- To 332 B.C. --  xJuvenile literature. xJuvenile literature. aI wonder why pyramids were built?, Title.